000 00808cam a2200229 4500
005 20220622143131.0
008 190128b mx ||||| |||| 00| 0 spa d
020 _a9688425435
050 0 4 _aHD6278.M6
_bD53 1995
100 1 _aDíaz Barriga, Angel
245 1 0 _aEmpleadores universitarios :
_bun estudio de sus opiniones /
_cAngel Díaz Barriga
250 _aPrimera edición
260 _aMéxico :
_bPorrúa :
_bcesu,
_c1995
300 _a138 p. ;
_c21 cm.
490 0 _aProblemas educativos de México
504 _aBibliografía : p. 129-135
504 _aIncluye indice
650 7 _2lemb
_aEgresados ​​universitarios
_xEmpleo
_zMéxico
650 7 _2lemb
_aActitudes de los empleadores
_zMéxico
_vEncuestas
650 7 _2lemb
_aTransición de la escuela al trabajo
_zMéxico
942 _2lcc
_cLIB
999 _c99695
_d99695